000 00620naa a2200217 i 4500
001 6835
003 ES-MaBCM
005 20241016091113.0
008 890825s1989 fra 000 0 fre d
021 _axx
035 _a(OCoLC)1365223273
040 _cES-MaBCM
041 0 _afre
043 _afra
100 1 _aHuet, Pierre
_922681
245 1 3 _aLa loi du 17 janvier 1989 sur la liberté de communication
_cPierre Huet
650 7 _aLibertad de información
_959261
651 4 _aFrancia
_9115364
773 0 _aEn:
_tRecueil Dalloz Sirey
_dParis : 1989
_w104643
_gnº 27, julio ; chronique p. 179-188
942 _cAREV
999 _c6835
_d6835